Quizzes
Events
Quiz Creation
Community
Videos
Private Events
Remove Ads
Sign In
Join for FREE
Feedback
Dark Mode
Quiz Categories
Sports
Geography
Music
Movies
Television
Just For Fun
Miscellaneous
History
Literature
Language
Science
Gaming
Entertainment
Religion
Holiday
For Kids
Quiz Lab
Recent
Popular Today
Quiz Kudos Today
Editor Picks
Curator Picks
Quizzes by...
Day
Popularity
Type
Ratings
Length
Year
Community
Subscriptions
Recent Discussions
Orange Saloon
Badges
Playlists
Quests
Create
Leaderboards
Showdown
Live 5
Trivia Bingo
Activity
Puzzle Library
Sporcle Events
Private Events
Virtual Trivia
Globe League
Become a Host
Pub Owners
SporcleCon
Opinionation
Our Games
Videos
Blog
Mobile Apps
Partnerships
Remove Ads and Go Orange
Feedback
Sports
Athletes
MLB
NBA
NHL
NFL
Soccer
Sports Teams
WWE
NCAA
Football
Premier League
Basketball
Baseball
Hockey
Golf
Tennis
Cricket
Rugby
Auto Racing
Olympics
World Cup
Sports
Athletes
MLB
NBA
NHL
NFL
Soccer
Sports Teams
WWE
NCAA
Football
Premier League
Basketball
Baseball
Hockey
Golf
Tennis
Cricket
Rugby
Auto Racing
Olympics
World Cup
Random Quiz
Search Sporcle
×
Quiz Lab
Quiz Lab
Sports
Football
Type in answers that appear in a list
Type in answers that appear in a list
Classic
Best Score? Go Orange.
Heisman Top Tens (2000's) Stats
Can you name the top ten Heisman Trophy vote-getters of the 2000s?
By
Feely
15m
100 Questions
6,428 Plays
6,428 Plays
6,428 Plays
Comments
Comments
Give Quiz Kudos
Give Quiz Kudos
-
- Ratings
hide this ad
Replay
Link that replays current quiz
Next Quiz
Link to next quiz in quiz playlist
You Got
0%
They Got
Avg Score
66%
Avg Friend Score
Upgrade to see
Score Distribution
Jump to the score distribution portion of the page
Score
0/100
Timer
15:00
0
Plays Today
Year
Player
% Correct
2007
Tim Tebow
96.6%
2008
Tim Tebow
96.6%
2004
Reggie Bush
95.4%
2005
Reggie Bush
95.4%
2006
Troy Smith
94.4%
2004
Alex Smith
94.2%
2003
Matt Leinart
94.1%
2004
Matt Leinart
94.1%
2005
Matt Leinart
94.1%
2007
Kevin Smith
94.1%
2008
Sam Bradford
93.4%
2008
Colt McCoy
92.8%
2003
Jason White
91.6%
2004
Jason White
91.6%
2007
Pat White
91.6%
2008
Pat White
91.6%
2002
Carson Palmer
91.4%
2006
Calvin Johnson
91%
2002
Larry Johnson
90.9%
2006
Ian Johnson
90.9%
2000
Rudi Johnson
90.8%
2006
Darren McFadden
89.2%
2007
Darren McFadden
89.2%
2005
Brady Quinn
88.1%
2006
Brady Quinn
88.1%
2004
Adrian Peterson
87.2%
2003
Eli Manning
87.1%
2005
DeAngelo Williams
86.9%
2001
Roy Williams
86.9%
2003
Mike Williams
86.9%
2005
Vince Young
86.6%
2003
Larry Fitzgerald
86.2%
2008
Michael Crabtree
84.2%
2000
Drew Brees
84.2%
Year
Player
% Correct
2000
LaDanian Tomlinson
84.1%
2000
Michael Vick
83.1%
2000
Chris Weinke
82.4%
2007
Matt Ryan
80.7%
2001
Eric Crouch
79.5%
2006
Colt Brennan
78.1%
2007
Colt Brennan
78.1%
2001
Ken Dorsey
76.7%
2002
Ken Dorsey
76.7%
2007
Glenn Dorsey
76.6%
2006
Steve Slaton
74.4%
2003
Ben Roethlisberger
74%
2006
Ray Rice
73.5%
2003
Philip Rivers
72.6%
2007
Chase Daniel
72%
2002
Byron Leftwich
71%
2001
David Carr
70.9%
2002
Willis McGahee
70.6%
2008
Graham Harrell
70.4%
2004
Aaron Rodgers
69.3%
2001
Joey Harrington
68.4%
2009
Tim Tebow
67.6%
2001
Julius Peppers
66%
2009
Colt McCoy
65.1%
2006
Mike Hart
64.5%
2009
Mark Ingram
63.7%
2009
Ndamukong Suh
62.7%
2004
Jason Campbell
62.7%
2005
A.J. Hawk
62.6%
2001
Rex Grossman
61.9%
2004
Braylon Edwards
59.3%
2007
Chris Long
58.7%
2007
Dennis Dixon
57.5%
2009
Toby Gerhart
56.1%
Year
Player
% Correct
2004
Cedric Benson
55.1%
2003
Darren Sproles
54.9%
2008
Shonn Greene
54.3%
2009
C.J. Spiller
50.1%
2001
Dwight Freeney
49.7%
2001
Antwaan Randle El
48.5%
2002
Brad Banks
47.5%
2000
Josh Heupel
47.4%
2009
Kellen Moore
47.2%
2003
Chris Perry
46.3%
2002
Chris Brown
46.1%
2000
Santana Moss
44%
2009
Golden Tate
41.1%
2006
Dwayne Jarrett
39.6%
2009
Case Keenum
39%
2008
Nate Davis
38.6%
2008
Javon Ringer
36.5%
2005
Michael Robinson
36.1%
2002
Kliff Kingsbury
36%
2005
Elvis Dumervil
35.4%
2008
Rey Maualuga
33.7%
2004
J.J. Arrington
30.1%
2001
Bryant McKinnie
29%
2009
Mardy Gilyard
21.3%
2000
Damien Anderson
21%
2000
Marques Tuiasosopo
17.9%
2002
Quentin Griffin
17.7%
2003
B.J. Symons
16.9%
2005
Jerome Harrison
16.7%
2005
Drew Olson
13.9%
2002
Jason Gesser
12.1%
2000
Ken Simonton
10.4%
Quiz Playlist
Details
Report
Send in Message
Add To Playlist
Classic:
Type in answers that appear in a list
Quiz Source
Last Updated: Feb 16, 2017
Quiz Scoreboard
CHALLENGE
Sign Up to Join the Scoreboard
Show All
Scores
Hide
Comments
May contain spoilers
Recently Published
College Basketball Coaching Resumes
by pancakes188
Sports
9m
Billboard Blitz: Fleetwood Mac
by CooCooCachoo
Music
15s
Presidents Visiting Landmarks
by Hejman
History
7m
More to Explore
Quiz From the Vault
Featured Blog Post
Where Did the Easter Bunny Come From?
hide this ad
You Might Also Like...
Tags
College Quiz
Football Quiz
2000
Heisman Trophy
Player
ten
Trophy
Vote-getter
Today's Top Quizzes in Sports
Browse Sports
hide this ad
Today's Top Quizzes in Football
Browse Football
Top Contributed Quizzes in Sports
1
2022 World Cup Stars
2
Les meilleurs buteurs des matchs entre le PSG et l’OM
3
FIFA Club World Cup Champions
4
Les entraîneurs de l'OM et du PSG au 21e siècle
5
Criteria MLB: Left Handed Sluggers
6
AFC Teams Reveal (Wrong Answers Minefield)
7
5-to-1: UK Sports Teams
8
5-to-1: FBS Animal Nicknames
9
2023 MLB Unique Player Accomplishments
10
Name the Premier League winners with different clubs
Explore More
Trending Topics
Disney
Kpop
NBA
Harry Potter
Crossword
Marvel
Anime
Soccer
Puzzle
WWE
The Office
Song
Pokémon
Country
NFL
hide this ad
More By:
Feely
Quiz
Plays
Rating
Category
Featured
Created
NBA Top 200 Scorers (2000s)
552,258
4.62
Sports
Oct 3, 2010
NCAA Tournament #1 Seeds
550,099
4.69
Sports
Oct 12, 2009
NBA Opening Day Alma Maters (2010)
136,753
4.39
Sports
Oct 29, 2010
NBA Top 200 Scorers (2015-16)
128,120
4.72
Sports
Apr 14, 2016
NBA Draft Lottery Picks
127,734
4.47
Sports
Jan 13, 2012
Go to Creator's Profile
Score Distribution
Quiz Creator Spotlight
Feely
Follow
Send a Message
Quizzes Created
-
Created Quiz Play Count
-
More By This Creator
Popular Quizzes Today
1
Find the US States - No Outlines Minefield
2
Find the Countries of Europe - No Outlines Minefield
3
The Countries of the World
4
Find the US States
5
Risky Map Clicking: Biggest States A-Z
6
US States
7
Popular People in 1961
8
Movies - When Are They Set?
More Sports Quizzes
'S' Names for NBA Players
Quiz Lab
Trending Quizzes
Risky Map Clicking: Least Populous States A-Z
1-10 Letter G Words
1-10 Letter F Words
Risky Map Clicking: Next State Alphabetically
Risky Map Clicking: Biggest States A-Z
Recently Updated
Leaping Animals
pecheneg
Reality TV Shows (A-Z)
bhenderson79
Rickey Henderson's Hall of Fame Teammates
pecheneg
Champions League XIs: Arsenal
pecheneg
Quick Pick: Celebrities in WWE's Hall of Fame
aduchscher
A-Z Keypad Blitz II
pecheneg
Multiple Oscar Actors
pecheneg
Mystery Phrase Blitz: Oscar 'Best Actors'
pecheneg
F. Scott Fitzgerald Novels
LTH
Pick 3 Villains
ddd62291
Trending Topics
Marvel
Harry Potter
NBA
Disney
Crossword
Kpop
Anime
Puzzle
Song
Country
Pokémon
NFL
The Office
WWE
Soccer
Your Account Isn't Verified!
In order to create a playlist on Sporcle, you need to verify the email address you used during registration. Go to your
Sporcle Settings
to finish the process.
Report this User
Report this user for behavior that violates our
Community Guidelines
.
Details:
Send Report
Go to the Sporcle.com Mobile Site →
Comments